[Event "GER-ch 93rd"]
[Site "Magdeburg"]
[Date "2022.08.15"]
[Round "2"]
[White "Keller, Peter1111"]
[Black "Becker, Michael"]
[Result "1-0"]
[WhiteElo "2377"]
[BlackElo "2282"]
[PlyCount "63"]
[EventDate "2022.08.14"]
[EventType "swiss"]
[EventRounds "9"]
[EventCountry "GER"]
[SourceTitle "CBM 209 Extra"]
[Source "ChessBase"]
[SourceDate "2022.09.30"]
[SourceVersion "1"]
[SourceVersionDate "2022.09.30"]
[SourceQuality "1"]

1. e4 c5 2. c3 d5 3. exd5 Qxd5 4. d4 Nf6 5. Nf3 Bg4 6. Nbd2 e6 7. Qb3 Qxb3 8. axb3 Nbd7 9. dxc5 Bxc5 10. b4 Be7 11. g3 0-0 12. Bg2 a6 13. Nc4 Nd5 14. Ne3 Bxf3 15. Bxf3 N7f6 16. Nxd5 Nxd5 17. Ke2 Rfd8 18. Rd1 Rac8 19. Ra5 f6 20. Bxd5 exd5 21. Raxd5 Rxd5 22. Rxd5 b5 23. Be3 Kf7 24. Rd7 Ke6 25. Ra7 Rc6 26. g4 g5 27. h3 h6 28. Kf3 Bd6 29. Rh7 Bf8 30. Ke4 Be7 31. Rxh6 Rc8 32. Bxg5 1-0

[Event "Online Olym Disabilities"]
[Site "Tornelo INT"]
[Date "2020.11.26"]
[Round "6.2"]
[White "Bozinovic, Bogdan"]
[Black "Becker, Michael"]
[Result "0-1"]
[WhiteElo "2151"]
[BlackElo "2267"]
[PlyCount "104"]
[EventDate "2020.11.21"]
[EventType "team-swiss (rapid)"]
[EventRounds "7"]
[EventCountry "NET"]
[SourceTitle "CBM 199 Extra"]
[Source "ChessBase"]
[SourceDate "2021.01.31"]
[SourceVersion "1"]
[SourceVersionDate "2021.01.31"]
[SourceQuality "1"]
[WhiteTeam "Croatia"]
[BlackTeam "Germany"]
[WhiteTeamCountry "CRO"]
[BlackTeamCountry "GER"]

1. d4 Nf6 2. c4 c5 3. d5 b5 4. f3 bxc4 5. e4 d6 6. Bxc4 g6 7. b3 Bg7 8. Bb2 0-0 9. Ne2 Nbd7 10. 0-0 Nb6 11. Nd2 Nxc4 12. Nxc4 Ba6 13. Qc2 Bxc4 14. Qxc4 Qb6 15. Kh1 Rab8 16. Qc2 Rfc8 17. Bc3 Nd7 18. Bxg7 Kxg7 19. Rab1 Qb4 20. Rfc1 a5 21. h3 Rb7 22. Qb2+ Kg8 23. a3 Qb6 24. Qc2 Qa6 25. Nc3 Rcb8 26. a4 Rb4 27. Nb5 Rc8 28. Qd1 Nb6 29. Kh2 Nd7 30. Na3 Rd4 31. Qe1 Ne5 32. Rc3 Rb8 33. Nb5 Rb4 34. f4 Nd7 35. e5 Rxf4 36. exd6 exd6 37. Qe7 Nf6 38. Qxd6 Qxd6 39. Nxd6 Nxd5 40. Rxc5 Ne3 41. Rb2 Rxa4 42. Re5 Nf1+ 43. Kg1 Ra1 44. Re8+ Rxe8 45. Nxe8 Nd2+ 46. Kh2 Ne4 47. Nc7 f5 48. Nd5 Kf7 49. Rc2 Ke6 50. Nb6 f4 51. Rc4 Kf5 52. Na4 Ng3 0-1

[Event "GER-ch Seniors 50 32nd"]
[Site "Magdeburg"]
[Date "2020.08.18"]
[Round "5"]
[White "Becker, Michael"]
[Black "Kahe, Ralph"]
[Result "1/2-1/2"]
[WhiteElo "2275"]
[BlackElo "2165"]
[PlyCount "29"]
[EventDate "2020.08.14"]
[EventType "swiss"]
[EventRounds "9"]
[EventCountry "GER"]
[SourceTitle "EXT 2021"]
[Source "ChessBase"]
[SourceDate "2020.10.23"]
[SourceVersion "1"]
[SourceVersionDate "2020.10.23"]
[SourceQuality "1"]

1. e4 g6 2. d4 Bg7 3. Nc3 a6 4. Nf3 d6 5. Be2 b5 6. 0-0 Bb7 7. a3 Nd7 8. Be3 Ngf6 9. e5 Nd5 10. Nxd5 Bxd5 11. exd6 cxd6 12. b3 0-0 13. c4 bxc4 14. bxc4 Bb7 15. Rb1 1/2-1/2

[Event "DSOL 04 Liga Gr-B 1st"]
[Site "Playchess.com INT"]
[Date "2020.06.22"]
[Round "1.2"]
[White "Becker, Michael"]
[Black "Schrader, Elanor"]
[Result "1-0"]
[WhiteElo "1783"]
[BlackElo "1733"]
[PlyCount "71"]
[EventDate "2020.06.22"]
[EventType "team-tourn (rapid)"]
[EventCountry "GER"]
[SourceTitle "EXT 2021"]
[Source "ChessBase"]
[SourceDate "2020.10.23"]
[SourceVersion "1"]
[SourceVersionDate "2020.10.23"]
[SourceQuality "1"]
[WhiteTeam "Aachen Tigerli"]
[BlackTeam "Porta Westfalica"]
[WhiteTeamCountry "GER"]
[BlackTeamCountry "GER"]

1. d4 Nf6 2. c4 e5 3. dxe5 Ng4 4. e4 Nxe5 5. Be2 Bb4+ 6. Nc3 Bxc3+ 7. bxc3 0-0 8. f4 Ng6 9. Nf3 d6 10. f5 Ne5 11. Nxe5 dxe5 12. 0-0 Nc6 13. Ba3 Re8 14. Qc2 Qf6 15. Rad1 b6 16. c5 Bb7 17. Rd7 Re7 18. Rfd1 Nd4 19. cxd4 Rxd7 20. d5 c6 21. d6 Qg5 22. Bc1 Qh4 23. Be3 bxc5 24. Bxc5 a6 25. a4 Rc8 26. g3 Qf6 27. a5 Qd8 28. Qc3 f6 29. Bc4+ Kh8 30. Be6 Rb8 31. Qb3 Qxa5 32. Bb6 Qb5 33. Qxb5 cxb5 34. Bxd7 Bxe4 35. Bc7 Rb7 36. Bc8 1-0

[Event "Oberliga Ost-A 1920"]
[Site "Germany"]
[Date "2019.11.16"]
[Round "2.1"]
[White "Burian, Simon"]
[Black "Becker, Michael"]
[Result "1/2-1/2"]
[WhiteElo "2225"]
[BlackElo "2280"]
[PlyCount "41"]
[EventDate "2019.09.29"]
[EventType "team-tourn"]
[EventRounds "11"]
[EventCountry "GER"]
[SourceTitle "EXT 2021"]
[Source "ChessBase"]
[SourceDate "2020.10.23"]
[SourceVersion "1"]
[SourceVersionDate "2020.10.23"]
[SourceQuality "1"]
[WhiteTeam "Plauen Koenig II"]
[BlackTeam "Halle USV"]
[WhiteTeamCountry "GER"]
[BlackTeamCountry "GER"]

1. e4 c5 2. Nf3 Nc6 3. Bb5 g6 4. c3 Nf6 5. e5 Nd5 6. 0-0 Bg7 7. d4 cxd4 8. cxd4 0-0 9. Nc3 Nxc3 10. bxc3 d6 11. Qa4 Bg4 12. exd6 Bxf3 13. dxe7 Nxe7 14. gxf3 Nd5 15. Bd2 Qh4 16. Qb3 Nf4 17. Bxf4 Qxf4 18. Rfe1 Rac8 19. Bf1 Qxf3 20. Re3 Qg4+ 21. Rg3 1/2-1/2

[Event "Oberliga Ost-A 1718"]
[Site "Germany"]
[Date "2018.01.21"]
[Round "5.3"]
[White "Hovsepyan, Vardan"]
[Black "Becker, Michael"]
[Result "1/2-1/2"]
[WhiteElo "2218"]
[BlackElo "2286"]
[PlyCount "120"]
[EventDate "2017.10.22"]
[EventType "team-tourn"]
[EventRounds "11"]
[EventCountry "GER"]
[SourceTitle "EXT 2019"]
[Source "ChessBase"]
[SourceDate "2018.10.10"]
[SourceVersion "1"]
[SourceVersionDate "2018.10.10"]
[SourceQuality "1"]
[WhiteTeam "Hoyerswerda"]
[BlackTeam "Halle USV"]
[WhiteTeamCountry "GER"]
[BlackTeamCountry "GER"]

1. e4 c5 2. Nc3 Nc6 3. Nge2 g6 4. d4 cxd4 5. Nxd4 Bg7 6. Be3 Nf6 7. Be2 0-0 8. 0-0 d5 9. exd5 Nxd5 10. Nxd5 Nxd4 11. Bxd4 Qxd5 12. Bxg7 Qxd1 13. Raxd1 Kxg7 14. Bf3 Bf5 15. Rd2 Rad8 16. Rfd1 Rxd2 17. Rxd2 e5 18. Bd5 Rd8 19. c4 Be6 20. f3 f5 21. Kf2 Kf6 22. Ke3 Bxd5 23. cxd5 Ke7 24. Rd3 Kd6 25. f4 Re8 26. Rd2 h6 27. h3 exf4+ 28. Kxf4 Re4+ 29. Kf3 Re5 30. Rc2 Rxd5 31. Rc8 Ke5 32. Rc7 Rb5 33. b3 g5 34. Re7+ Kf6 35. Rh7 Kg6 36. Rd7 Rb6 37. g3 h5 38. Ke3 a5 39. Rd5 Re6+ 40. Kf3 b6 41. Rd8 g4+ 42. hxg4 hxg4+ 43. Kf2 Rc6 44. Rd2 Kf6 45. Re2 Rc3 46. Kg2 b5 47. Rb2 a4 48. bxa4 bxa4 49. Re2 Rc4 50. Kf2 a3 51. Re8 Rc2+ 52. Kg1 Rxa2 53. Ra8 Ke5 54. Ra4 Re2 55. Rxa3 Ke4 56. Ra5 Kf3 57. Rxf5+ Kxg3 58. Rf1 Kh3 59. Ra1 g3 60. Rb1 Re3 1/2-1/2

[Event "Bundesliga 1415"]
[Site "Germany"]
[Date "2014.12.07"]
[Round "6.6"]
[White "Becker, Michael"]
[Black "Ris, Robert"]
[Result "1/2-1/2"]
[WhiteElo "2321"]
[BlackElo "2427"]
[PlyCount "104"]
[EventDate "2014.10.18"]
[EventType "team-tourn"]
[EventRounds "15"]
[EventCountry "GER"]
[SourceTitle "CBM 164"]
[Source "ChessBase"]
[SourceDate "2015.01.15"]
[SourceVersion "1"]
[SourceVersionDate "2015.01.15"]
[SourceQuality "1"]
[WhiteTeam "Rostock"]
[BlackTeam "Katernberg"]
[WhiteTeamCountry "GER"]
[BlackTeamCountry "GER"]

1. Nf3 c5 2. e4 Nc6 3. Bb5 e6 4. Bxc6 bxc6 5. 0-0 Ne7 6. b3 d6 7. Bb2 e5 8. c3 Ng6 9. d4 f6 10. dxc5 d5 11. exd5 cxd5 12. c4 d4 13. Re1 Be7 14. Nbd2 0-0 15. b4 Rb8 16. a3 Bxc5 17. Nb3 Be7 18. Rc1 Bb7 19. Na5 Ba8 20. c5 Qd5 21. c6 Rfc8 22. Bxd4 exd4 23. Qxd4 Qxd4 24. Nxd4 Bd8 25. Nab3 Ne5 26. b5 Bb6 27. Rc3 Kf7 28. a4 a6 29. Kf1 Rc7 30. f4 Rd8 31. fxe5 Bxd4 32. e6+ Ke7 33. Rd3 Be5 34. Rd7+ Rdxd7 35. exd7 axb5 36. axb5 Bxc6 37. bxc6 Rxc6 38. Rd1 Kd8 39. Na5 Rc7 40. Ke2 Rxd7 41. Rxd7+ Kxd7 42. g3 Ke6 43. Kf3 Kd5 44. Nb3 f5 45. h3 Kc4 46. Nd2+ Kd3 47. Nf1 g6 48. g4 fxg4+ 49. hxg4 h5 50. gxh5 gxh5 51. Kg2 Ke2 52. Kh1 Kxf1 1/2-1/2

[Event "Bundesliga 1415"]
[Site "Germany"]
[Date "2014.11.09"]
[Round "4.7"]
[White "Becker, Michael"]
[Black "Renner, Christoph"]
[Result "0-1"]
[WhiteElo "2321"]
[BlackElo "2375"]
[PlyCount "82"]
[EventDate "2014.10.18"]
[EventType "team-tourn"]
[EventRounds "15"]
[EventCountry "GER"]
[SourceTitle "EXT 2015"]
[Source "ChessBase"]
[SourceDate "2014.11.20"]
[SourceVersion "1"]
[SourceVersionDate "2014.11.20"]
[SourceQuality "1"]
[WhiteTeam "Rostock"]
[BlackTeam "Bayern Muenchen"]
[WhiteTeamCountry "GER"]
[BlackTeamCountry "GER"]

1. e4 e6 2. d3 c5 3. Nf3 Nc6 4. g3 Nf6 5. Bg2 d6 6. 0-0 Be7 7. Re1 0-0 8. c3 Bd7 9. a3 b5 10. b4 d5 11. exd5 exd5 12. Bg5 Rc8 13. Nbd2 h6 14. Bf4 Bf5 15. Nb3 d4 16. c4 bxc4 17. dxc4 cxb4 18. Nfxd4 Nxd4 19. Qxd4 Be6 20. Qxa7 Rxc4 21. Na5 Bc5 22. Qa6 Rc2 23. Red1 Qb6 24. Qxb6 Bxb6 25. axb4 Rxf2 26. Kh1 g5 27. Bd6 Rc8 28. Nc6 Kh7 29. b5 Ng4 30. Nd4 Rb2 31. Be4+ f5 32. Bc6 Nf2+ 33. Kg1 Nxd1 34. Rxd1 Bb3 35. Rd3 Bc4 36. Rd1 Be2 37. Bd7 Bxd1 38. Bxf5+ Kg8 39. Be6+ Kh7 40. Bf5+ Kg7 41. Be5+ Kf7 0-1

[Event "Bundesliga 1415"]
[Site "Germany"]
[Date "2014.11.08"]
[Round "3.7"]
[White "Raykhman, Alexander"]
[Black "Becker, Michael"]
[Result "1-0"]
[WhiteElo "2414"]
[BlackElo "2321"]
[PlyCount "135"]
[EventDate "2014.10.18"]
[EventType "team-tourn"]
[EventRounds "15"]
[EventCountry "GER"]
[SourceTitle "EXT 2015"]
[Source "ChessBase"]
[SourceDate "2014.11.20"]
[SourceVersion "1"]
[SourceVersionDate "2014.11.20"]
[SourceQuality "1"]
[WhiteTeam "Schwaebisch Hall"]
[BlackTeam "Rostock"]
[WhiteTeamCountry "GER"]
[BlackTeamCountry "GER"]

1. d4 Nf6 2. c4 c5 3. d5 b5 4. cxb5 a6 5. bxa6 g6 6. Nc3 Bg7 7. e4 0-0 8. Nf3 d6 9. Be2 Qa5 10. 0-0 Bxa6 11. a4 Nbd7 12. Bd2 Rfb8 13. Bb5 Qb4 14. Re1 c4 15. Bc6 Bb7 16. Nb5 Qb3 17. Qxb3 cxb3 18. Nc7 Ra7 19. Be3 Nc5 20. Bxc5 dxc5 21. Nb5 Ra6 22. Bxb7 Rxb7 23. Nd2 Nd7 24. Reb1 Nb6 25. Nxb3 Nxa4 26. Rxa4 Rxa4 27. Nxc5 Rxb5 28. Nxa4 Rb4 29. Nc5 Rxb2 30. Rxb2 Bxb2 31. Kf1 Bd4 32. Nb3 Bb6 33. Ke2 Kg7 34. Nd2 Bc5 35. Nc4 Kf6 36. Kf3 h5 37. h3 Bd4 38. Na5 Bb6 39. e5+ Kg7 40. Nc6 Kf8 41. Ke2 Ke8 42. f3 Kd7 43. Kd3 e6 44. Kc4 exd5+ 45. Kxd5 Be3 46. Nd4 Ke7 47. Nc6+ Kd7 48. Nb4 Bd2 49. Nc2 Ke7 50. Nd4 Be3 51. Ke4 Bf2 52. f4 Kd7 53. Nb5 Ke6 54. Nd4+ Kd7 55. Kd5 Ke7 56. f5 gxf5 57. Nxf5+ Kd7 58. Ng7 h4 59. Nf5 Be1 60. Ke4 Ke6 61. Nd4+ Ke7 62. Kf5 Bf2 63. Ne2 Be1 64. Nf4 Bf2 65. Nd5+ Kd7 66. Kf6 Bg3 67. Ne3 Bf4 68. Nf5 1-0

[Event "Oberliga Ost-B 1314"]
[Site "Germany"]
[Date "2014.03.16"]
[Round "9.1"]
[White "Becker, Michael"]
[Black "Luther, Thomas"]
[Result "1/2-1/2"]
[WhiteElo "2319"]
[BlackElo "2559"]
[PlyCount "23"]
[EventDate "2013.10.13"]
[EventType "team-tourn"]
[EventRounds "11"]
[EventCountry "GER"]
[SourceTitle "EXT 2015"]
[Source "ChessBase"]
[SourceDate "2014.11.20"]
[SourceVersion "1"]
[SourceVersionDate "2014.11.20"]
[SourceQuality "1"]
[WhiteTeam "Halle"]
[BlackTeam "Erfurt Empor"]
[WhiteTeamCountry "GER"]
[BlackTeamCountry "GER"]

1. e4 e6 2. d3 d5 3. Nd2 Nf6 4. Ngf3 b6 5. g3 dxe4 6. dxe4 Bb7 7. Qe2 Nc6 8. a3 a5 9. Bg2 Nd7 10. 0-0 Ba6 11. c4 e5 12. b3 1/2-1/2

[Event "Plovdiv Tringov Memorial 36th"]
[Site "Plovdiv"]
[Date "2014.02.07"]
[Round "7"]
[White "Dragieva, Denitza"]
[Black "Becker, Michael"]
[Result "1/2-1/2"]
[WhiteElo "2090"]
[BlackElo "2335"]
[PlyCount "86"]
[EventDate "2014.02.02"]
[EventType "swiss"]
[EventRounds "9"]
[EventCountry "BUL"]
[SourceTitle "CBM 158 Extra"]
[Source "ChessBase"]
[SourceDate "2014.02.28"]
[SourceVersion "1"]
[SourceVersionDate "2014.02.28"]
[SourceQuality "1"]

1. d4 Nf6 2. Nf3 c5 3. d5 e6 4. Nc3 Nxd5 5. Nxd5 exd5 6. Qxd5 Be7 7. e4 0-0 8. Bc4 Nc6 9. c3 d6 10. Qh5 Qe8 11. 0-0 Be6 12. Bd3 g6 13. Qh6 Ne5 14. Nxe5 dxe5 15. Qe3 c4 16. Be2 Qc6 17. Qf3 Rfd8 18. Be3 b6 19. Rfd1 Rxd1+ 20. Rxd1 Rd8 21. Rxd8+ Bxd8 22. Bd1 Be7 23. Bc2 Qb5 24. Bc1 Qa5 25. a3 Qc5 26. Qd1 Qc7 27. Be3 Bc5 28. Qd2 Bxe3 29. Qxe3 Qd7 30. Kf1 Qb5 31. Qc1 Kg7 32. Ke2 f6 33. a4 Qc5 34. Qe3 Qxe3+ 35. Kxe3 g5 36. Bd1 Kf8 37. g4 Ke7 38. f3 Kd6 39. Kd2 Kc5 40. Kc1 a6 41. Kb1 Bf7 42. Bc2 Be8 43. Bd1 Bf7 1/2-1/2

[Event "Oberliga Ost-B 1314"]
[Site "Germany"]
[Date "2014.01.18"]
[Round "6.1"]
[White "Becker, Michael"]
[Black "Du Maire, Jerome"]
[Result "1/2-1/2"]
[WhiteElo "2319"]
[BlackElo "2107"]
[PlyCount "66"]
[EventDate "2013.10.13"]
[EventType "team-tourn"]
[EventRounds "11"]
[EventCountry "GER"]
[SourceTitle "EXT 2015"]
[Source "ChessBase"]
[SourceDate "2014.11.20"]
[SourceVersion "1"]
[SourceVersionDate "2014.11.20"]
[SourceQuality "1"]
[WhiteTeam "Halle"]
[BlackTeam "Liebschwitz"]
[WhiteTeamCountry "GER"]
[BlackTeamCountry "GER"]

1. e4 e6 2. d3 d5 3. Qe2 Nf6 4. Nf3 Be7 5. g3 0-0 6. Bg2 b5 7. 0-0 c5 8. e5 Nfd7 9. c4 bxc4 10. dxc4 Ba6 11. Na3 Nc6 12. Rd1 Rb8 13. h4 Qb6 14. b3 Ndxe5 15. Nxe5 Nxe5 16. Bf4 f6 17. Qc2 Qb4 18. Nb1 dxc4 19. Bxe5 fxe5 20. Nd2 cxb3 21. axb3 Be2 22. Re1 Qd4 23. Ne4 Bd3 24. Qa2 c4 25. bxc4 Rb2 26. Qxa7 Qxa7 27. Rxa7 Bxe4 28. Rxe7 Bxg2 29. Kxg2 Rfxf2+ 30. Kh3 h5 31. Rh1 Rf6 32. Re1 Rff2 33. Rh1 Rf6 1/2-1/2

[Event "Oberliga Ost-B 1314"]
[Site "Germany"]
[Date "2013.11.09"]
[Round "2.1"]
[White "Becker, Michael"]
[Black "Margolin, Boris"]
[Result "1-0"]
[WhiteElo "2319"]
[BlackElo "2419"]
[PlyCount "71"]
[EventDate "2013.10.13"]
[EventType "team-tourn"]
[EventRounds "11"]
[EventCountry "GER"]
[SourceTitle "EXT 2015"]
[Source "ChessBase"]
[SourceDate "2014.11.20"]
[SourceVersion "1"]
[SourceVersionDate "2014.11.20"]
[SourceQuality "1"]
[WhiteTeam "Halle"]
[BlackTeam "Oberursel"]
[WhiteTeamCountry "GER"]
[BlackTeamCountry "GER"]

1. e4 c5 2. Nf3 e6 3. d3 Nc6 4. g3 g6 5. Bg5 Be7 6. Bxe7 Ngxe7 7. Bg2 e5 8. 0-0 0-0 9. c3 d6 10. Nbd2 Kh8 11. d4 cxd4 12. cxd4 Bg4 13. h3 Bxf3 14. Nxf3 Qb6 15. d5 Nd8 16. Qd2 f5 17. exf5 Nxf5 18. g4 Ne7 19. Rac1 Nf7 20. Rc3 Rac8 21. Rfc1 Rxc3 22. Rxc3 Rc8 23. Ng5 Rxc3 24. Nxf7+ Kg7 25. Qh6+ Kxf7 26. Qxh7+ Ke8 27. bxc3 Qb1+ 28. Bf1 a6 29. c4 Kd7 30. Qf7 Qb4 31. h4 b5 32. h5 bxc4 33. h6 Qd2 34. h7 Qh6 35. Qe6+ Ke8 36. Qg8+ 1-0